000 00442nam a2200181Ia 4500
005 20250423100842.0
008 250422s9999 xx 000 0 und d
020 _a0-672-32330-30
050 _aTK 5105.88 .A83/
100 _aMark Augustyniak
245 0 _aSAMS Teach yourself .NET XML Web Services
260 _aIndiana
260 _bSams Publishing
260 _c2002
300 _a427 p
650 _aWebsite Design
942 _cBK
999 _c34538
_d34538